Sports Quiz

Random Sports or Basketball Quiz

NBA Closest Team Quiz Stats

 Plays Quiz Updated May 19, 2014

Also try: NFL Closest Team
Challenge
Share
Tweet
Score 0/30 Timer 06:00
1 Play Today
Team Closest Team % Correct
Clippers???
93.3%
Lakers???
89.9%
Nets???
86.1%
Magic???
85.9%
Heat???
83.6%
Warriors???
80%
Nuggets???
79.4%
Knicks???
79%
Spurs???
78.9%
Thunder???
76.3%
Celtics???
75.9%
Bulls???
75.6%
Kings???
63%
Timberwolves???
61.9%
Pistons???
59.5%
Team Closest Team % Correct
Bucks???
58.5%
Suns*???
57.5%
Hornets???
57.4%
Pacers???
54.4%
Jazz???
53.4%
Wizards???
48.5%
Hawks???
46.3%
Cavaliers???
43.6%
Trail Blazers???
43.5%
76ers???
39.4%
Rockets???
38.8%
Pelicans???
38.5%
Grizzlies???
25.8%
Mavericks???
12%
Raptors???
10.5%

You're not logged in!

Compare scores with friends on all Sporcle quizzes.
Join for Free
OR
Log In

You Might Also Like...

Show Comments

Extras

Top Quizzes Today


Score Distribution

Your Account Isn't Verified!

In order to create a playlist on Sporcle, you need to verify the email address you used during registration. Go to your Sporcle Settings to finish the process.

Report this User

Report this user for behavior that violates our Community Guidelines.

Details: